|
|
|
|
| LEADER |
01126aam a22002778a 4500 |
| 001 |
00046516 |
| 005 |
20210318100328.0 |
| 008 |
150827s2010 ||||||viesd |
| 020 |
# |
# |
|c 58000
|
| 041 |
0 |
# |
|a vie
|
| 082 |
1 |
4 |
|a 796.071
|b GI108TR
|
| 245 |
1 |
0 |
|a Giáo trình tiếng Anh thể thao
|c Phạm Thọ Yển (ch.b.); Trần Đức Dũng (h.đ.); Nguyễn Thị Thanh Lê, Đàm Thị Loan (b.s.)
|
| 260 |
# |
# |
|a Hà Nội
|b Thể dục Thể thao
|c 2010
|
| 300 |
# |
# |
|a 299 tr.
|c 21cm
|
| 500 |
# |
# |
|a ĐTTS ghi: Bộ Văn hóa, Thể thao và Du lịch. Trường Đại học Thể dục Thể thao Bắc Ninh
|
| 653 |
# |
# |
|a Anh ngữ thực hành
|
| 653 |
# |
# |
|a Giáo trình
|
| 653 |
# |
# |
|a Tiếng anh
|
| 653 |
# |
# |
|a Thể thao
|
| 700 |
1 |
# |
|a Nguyễn Thị Thanh Lê
|e biên soạn
|
| 700 |
1 |
# |
|a Phạm Thọ Yển
|e chủ biên
|
| 700 |
1 |
# |
|a Đàm Thị Loan
|e biên soạn
|
| 700 |
1 |
# |
|e hiệu đính
|a Trần Đức Dũng
|
| 852 |
# |
# |
|j KD.0027878
|
| 910 |
0 |
# |
|d 18/03/2021
|
| 980 |
# |
# |
|a Trung tâm Học liệu Lê Vũ Hùng, Trường Đại học Đồng Tháp
|